000 00429nam a2200193Ia 4500
005 20250923144751.0
008 008 250917s9999 xx 000 0 eng d
037 _aTextual
040 _aDSWL
_beng
_cDSWL
041 _aeng
_2eng
084 _qDSWL
245 0 _aIndia in 1927-28
260 _b.
_c1929
300 _axviii,462p.
365 _aINR
_b4
925 _g4
942 _cTEXL
999 _c1443094
_d1443094